00614 2200229 4500001002100000005001700021008004100038035002400079082000800103090001500111100001800126245007700144250001100221260002600232300001900258500002700277650003200304850001200336980001500348985000600363999001500369YOGYA-0209000006468320090227040326.0 ind  0010-020900000064683 a822 a822bSha S aSHAW, Bernard aSaint Joanba chronicle play in six scenes and an epiloguecBernard Shaw aCet. 1 a[s.l.]bIcipzigc1924 a....volc17 cm aYang diterima : Vol. 1 aKesasteraan Inggris - Drama aYOPDYOG a14-08-2008 a1 aa000048248